Catalog

Record Details

Catalog Search



Tělo mezi medicínou a disciplínou : proměny lékařského obrazu a ideálu lidského těla a tělesnosti v dlouhém 19. století  Cover Image Book Book

Tělo mezi medicínou a disciplínou : proměny lékařského obrazu a ideálu lidského těla a tělesnosti v dlouhém 19. století / Milena Lenderová, Daniela Tinková, Vladan Hanulík

Record details

  • ISBN: 978-80-7422-313-6
  • Physical Description: 641 s. : il., fot., portréty
  • Edition: Vyd. 1
  • Publisher: Praha : Lidové noviny, 2014

Content descriptions

Bibliography, etc. Note:
Obsahuje bibliografii a rejstřík
Subject: lidské tělo
zdraví a nemoc
dějiny lékařství
Česko
Genre: kolektivní monografie

Available copies

  • 1 of 1 copy available at Common Catalog SPOK.

Holds

  • 0 current holds with 1 total copy.
Show Only Available Copies
Location Call Number / Copy Notes Barcode Shelving Location Status Due Date
Jabok Library Soc-1.7.4 424480033081 Odborná literatura Available -

Electronic resources

Version of Resource: Obsah dokumentu


LDR 01836nam a22004697a 4500
00119473
003CZ-PrJAB
00520150302111019.0
007ta
008150113s2014 xr aco g |0|1 0 cze d
015 . ‡acnb002657941
020 . ‡a978-80-7422-313-6 ‡q(váz.)
035 . ‡a(CZ PrCU)001892709
040 . ‡aABD113 ‡bcze ‡dABD005
072 7. ‡a611 ‡xAnatomie člověka a srovnávací anatomie ‡2Konspekt ‡914
080 . ‡a611/612 ‡2MRF
080 . ‡a616-092.11 ‡2MRF
080 . ‡a61(091) ‡2MRF
080 . ‡a(437.3) ‡2MRF
080 . ‡a(048.8:082) ‡2MRF
1001 . ‡aLenderová, Milena, ‡d1947- ‡7jn99240000619 ‡4aut
24510. ‡aTělo mezi medicínou a disciplínou : ‡bproměny lékařského obrazu a ideálu lidského těla a tělesnosti v dlouhém 19. století / ‡cMilena Lenderová, Daniela Tinková, Vladan Hanulík
250 . ‡aVyd. 1
260 . ‡aPraha : ‡bLidové noviny, ‡c2014
300 . ‡a641 s. : ‡bil., fot., portréty
4901 . ‡aČeská historie ; ‡vsv. 30
504 . ‡aObsahuje bibliografii a rejstřík
648 7. ‡a19. stol. ‡7ch460557 ‡2czenas
65007. ‡alidské tělo ‡7ph122345 ‡2czenas
65007. ‡azdraví a nemoc ‡7ph158519 ‡2czenas
65007. ‡adějiny lékařství ‡7ph484341 ‡2czenas
651 7. ‡aČesko ‡7ge128065 ‡2czenas
655 7. ‡akolektivní monografie ‡7fd501537 ‡2czenas
7001 . ‡aTinková, Daniela, ‡d1973- ‡7js20040202006 ‡4aut
7001 . ‡aHanulík, Vladan, ‡d1980- ‡7jo2009480371 ‡4aut
830 0. ‡aČeská historie (Nakladatelství Lidové noviny)
85641. ‡yObsah dokumentu ‡uhttp://www.obalkyknih.cz/file/toc/120351/pdf
910 . ‡aABG312
901 . ‡a19473 ‡b ‡c19473 ‡tbiblio

Additional Resources